Top 10 Anime Games by Funny Descriptions - Statistics

General Stats
  • This quiz has been taken 6 times
  • The average score is 3 of 10
Answer Stats
Hint Answer % Correct
Gacha with King Arthur, Leonardo Da Vinci, Nero Claudius III, all genderbent Fate Grand Order
83%
Trapping monsters in balls, sending them into battle ... AGAINST HUMANS WITH GUNS? Palworld
83%
Star Wars, but your ship is a train Honkai Star Rail
67%
Where's my sibling. Oh he's joined a cult and the first and only choice in the game caused it Genshin Impact
50%
Time travel, multiverse theory, everything bad about the cell saga, WHERE'S THE FUSION TRANSFORMATION WITH THE PROTAG FROM THE FIRST GAME Dragon Ball Xenoverse 2
17%
A retelling of the anime where in the first 10 minutes he's actually a good dad, then is the same in the original Dragon Ball Kakarot
0%
Dark Souls, Bloodborne, Elden Ring, and now Pokemon Pokemon Legends Arceus
0%
An actually good combo of hack and slash with guns, and two fully customizable main characters who get their game's plot stolen by a different protagonist Sword Art Online Fatal Bullet
0%
Non-mobile game gacha where you hit your enemies with people, and sometimes lions and birds. Xenoblade Chronicles 2
0%
Open world Dragon Ball Fusions with the best boss theme. It's Mobin' Time. Xenoblade Chronicles 3
0%
No matching quizzes found
Score Distribution
Percent of People with Each Score
Percentile by Number Answered
Your Score History
You have not taken this quiz